000 004660000a22001690004500
003 MACL
005 20151227154712.0
008 151227b xxu||||| |||| 00| 0 eng d
040 _aMACL
_cmacl
041 _aEnglish
082 _a025.34/KAU
100 _aSrivastava, Anand
_923470
245 _aTheory of Knowkedge Classification in Librarys
260 _bLakshmi Book Store
_c1964
_aNew Delhi
650 _aLibrary & information
_923471
942 _cBK
_k025/Sri
_2ddc
999 _c35492
_d35492